| 000 | 01793cam a2200349 a 4500 | ||
|---|---|---|---|
| 001 | 000016240 | ||
| 003 | DO-SdBNP | ||
| 005 | 20251105110124.0 | ||
| 008 | 990702s1999 mx b f001 0 spa | ||
| 020 | _a9686384294 | ||
| 035 | _a(DLC) 99223151 | ||
| 035 | _a(MxMxBFM)bm 970104777 | ||
| 040 |
_aDO-SdBNP _cDLC _dDLC |
||
| 043 |
_acl----- _acc----- |
||
| 082 | 4 |
_a306.98 _bL357 |
|
| 245 | 0 | 0 |
_aLatinoamérica, encrucijada de culturas / _ccompiladores ; Leopoldo Zea, Mario Magallón. |
| 260 |
_aMéxico : _bInstituto Panamericano de Geografía e Historia : _bFondo de Cultura Económica, _c1999. |
||
| 300 |
_a161 p. ; _c21 cm. |
||
| 490 | 1 |
_aLatinoamérica fin de milenio ; _v1 |
|
| 490 | 1 | _aTierra firme | |
| 500 | _a"La cultura"--Cover. | ||
| 504 | _aIncluye referencias bibliográficas (p. 160-161). | ||
| 505 | 0 | _aConvergencia y especificidad de los valores culturales en América Latina y el Caribe / Leopoldo Zea -- La senda de lo imaginario : cultura y liberación en América Latina / Héctor Guillermo Alfaro López -- Aspectos históricos y culturales de América Latina y el Caribe y su relación con la realidad actual / Otto Morales Benitez -- Etica de la conflictividad en America Latina : entre la tensión y la tolerancia / Miguel Ángel Sobrino -- Utopía y realidad de la integración latinoamericana y caribeña en los albores del siglo XXI / Joaquín Santana Castillo. | |
| 650 | 0 |
_aIdentidad (Psicología) _935620 |
|
| 651 | 0 |
_aAmérica Latina _xCivilización _916665 |
|
| 651 | 0 |
_aCaribe (Región) _xCivilización _987401 |
|
| 700 | 1 |
_aZea, Leopoldo, _d1912- _ecomp. _93675 |
|
| 700 | 1 |
_aMagallón, Mario. _ecomp. _919796 |
|
| 830 | 0 |
_aLatinoamérica fin de milenio ; _ptierra firme _v1 _919786 |
|
| 910 | _aCatalogación por copia / LC | ||
| 942 |
_2ddc _cLBS1 |
||
| 999 |
_c15777 _d15777 |
||